Journalism through RTI ; (Record no. 142541)

MARC details
000 -LEADER
fixed length control field 00622nam a22001937a 4500
005 - DATE AND TIME OF LATEST TRANSACTION
control field 20170713143654.0
010 ## - LCCN (DPL NO)
LC control number ENG-119212
020 ## - INTERNATIONAL STANDARD BOOK NUMBER
Terms of availability 795.00
International Standard Book Number 9789386062833
035 ## - SYSTEM CONTROL NUMBER
System control number EN-102744
037 ## - SOURCE OF ACQUISITION
Source of stock number/acquisition DBAD/PUB
082 ## - DEWEY DECIMAL CLASSIFICATION NUMBER
Classification number 079
100 ## - MAIN ENTRY--PERSONAL NAME
Personal name Yadav, Shyamlal
245 ## - TITLE STATEMENT
Title Journalism through RTI ;
Statement of responsibility, etc by Shyamlal Yadav
Remainder of title information investigation impact /
260 ## - PUBLICATION, DISTRIBUTION, ETC. (IMPRINT)
Place of publication, distribution, etc New Delhi
Name of publisher, distributor, etc Sage Publications
Date of publication, distribution, etc 2017
270 ## - ADDRESS
Address B1/I-1 Mohan Cooperative Industrial Area, Mathura Road
City New Delhi
Postal code 110044
300 ## - PHYSICAL DESCRIPTION
Extent xiii. 220p ;
Dimensions 23cm (Hb)
Other physical details ill.
500 ## - GENERAL NOTE
General note include index
942 ## - ADDED ENTRY ELEMENTS (KOHA)
Source of classification or shelving scheme Dewey Decimal Classification
Item type English Books
Classification part 079
Call number suffix YAD
Holdings
Withdrawn status Lost status Not for loan Collection code Home library Current library Date acquired Source of acquisition Cost, normal purchase price Full call number Barcode Copy number Cost, replacement price Koha item type
    Not For Loan Non-fiction D.B.Act.Division D.B.Act.Division 13/07/2017 DBAD/PUB 795.00 079 YAD EN-102744 1 795.00 English Books

© Delhi Public Library
Hit Counter
free hit counter